Dare the wind / (Record no. 287181)
[ view plain ]
| 000 -LEADER | |
|---|---|
| fixed length control field | 01630cam a2200433Ma 4500 |
| 001 - CONTROL NUMBER | |
| control field | ocn884854305 |
| 003 - CONTROL NUMBER IDENTIFIER | |
| control field | OCoLC |
| 005 - DATE AND TIME OF LATEST TRANSACTION | |
| control field | 20200320194045.0 |
| 008 - FIXED-LENGTH DATA ELEMENTS--GENERAL INFORMATION | |
| fixed length control field | 130228s2014 nyua j 000 0beng d |
| 010 ## - LIBRARY OF CONGRESS CONTROL NUMBER | |
| LC control number | 2013007868 |
| 020 ## - INTERNATIONAL STANDARD BOOK NUMBER | |
| International Standard Book Number | 0374316996 |
| 020 ## - INTERNATIONAL STANDARD BOOK NUMBER | |
| International Standard Book Number | 9780374316990 |
| 020 ## - INTERNATIONAL STANDARD BOOK NUMBER | |
| Terms of availability | 17.99 |
| 035 ## - SYSTEM CONTROL NUMBER | |
| System control number | (OCoLC)884854305 |
| 040 ## - CATALOGING SOURCE | |
| Original cataloging agency | KPLCP |
| Language of cataloging | eng |
| Transcribing agency | KPLCP |
| Modifying agency | OCLCO |
| -- | OCLCF |
| -- | WACOL |
| 049 ## - LOCAL HOLDINGS (OCLC) | |
| Holding library | WACL |
| 082 00 - DEWEY DECIMAL CLASSIFICATION NUMBER | |
| Classification number | 387.5092 |
| -- | B |
| Edition number | 23 |
| 092 ## - LOCALLY ASSIGNED DEWEY CALL NUMBER (OCLC) | |
| Classification number | E |
| Item number | Fer |
| 100 1# - MAIN ENTRY--PERSONAL NAME | |
| Personal name | Fern, Tracey E. |
| 9 (RLIN) | 5877841 |
| 245 10 - TITLE STATEMENT | |
| Title | Dare the wind / |
| Statement of responsibility, etc | Tracey Fern ; pictures by Emily Arnold McCully. |
| 250 ## - EDITION STATEMENT | |
| Edition statement | 1st ed. |
| 260 ## - PUBLICATION, DISTRIBUTION, ETC. (IMPRINT) | |
| Place of publication, distribution, etc | New York : |
| Name of publisher, distributor, etc | Farrar Straus Giroux Books for Young Readers, |
| Date of publication, distribution, etc | 2014. |
| 300 ## - PHYSICAL DESCRIPTION | |
| Extent | 1 vol. (unpaged) : |
| Other physical details | col. ill. |
| 500 ## - GENERAL NOTE | |
| General note | "Margaret Ferguson Books." |
| 500 ## - GENERAL NOTE | |
| General note | Map on endpapers. |
| 600 10 - SUBJECT ADDED ENTRY--PERSONAL NAME | |
| Personal name | Creesy, Eleanor, |
| Dates associated with a name | 1814-1900 |
| Form subdivision | Juvenile literature. |
| 9 (RLIN) | 5900274 |
| 610 20 - SUBJECT ADDED ENTRY--CORPORATE NAME | |
| Corporate name or jurisdiction name as entry element | Flying Cloud (Clipper-ship) |
| Form subdivision | Juvenile literature. |
| 9 (RLIN) | 5900275 |
| 650 #0 - SUBJECT ADDED ENTRY--TOPICAL TERM | |
| Topical term or geographic name as entry element | Women sailors |
| Form subdivision | Biography |
| -- | Juvenile literature. |
| 9 (RLIN) | 5900276 |
| 600 17 - SUBJECT ADDED ENTRY--PERSONAL NAME | |
| Personal name | Creesy, Eleanor, |
| Dates associated with a name | 1814-1900. |
| Source of heading or term | fast |
| -- | (OCoLC)fst00449272 |
| 9 (RLIN) | 5900277 |
| 610 27 - SUBJECT ADDED ENTRY--CORPORATE NAME | |
| Corporate name or jurisdiction name as entry element | Flying Cloud (Clipper-ship) |
| Source of heading or term | fast |
| -- | (OCoLC)fst00587896 |
| 9 (RLIN) | 5900278 |
| 650 #7 - SUBJECT ADDED ENTRY--TOPICAL TERM | |
| Topical term or geographic name as entry element | Women sailors. |
| Source of heading or term | fast |
| -- | (OCoLC)fst01178482 |
| 9 (RLIN) | 5805002 |
| 655 #7 - INDEX TERM--GENRE/FORM | |
| Genre/form data or focus term | Biography. |
| Source of term | fast |
| -- | (OCoLC)fst01423686 |
| 9 (RLIN) | 5694263 |
| 655 #7 - INDEX TERM--GENRE/FORM | |
| Genre/form data or focus term | Juvenile works. |
| Source of term | fast |
| -- | (OCoLC)fst01411637 |
| 9 (RLIN) | 5673941 |
| 700 1# - ADDED ENTRY--PERSONAL NAME | |
| Personal name | McCully, Emily Arnold. |
| 9 (RLIN) | 7530 |
| 942 ## - ADDED ENTRY ELEMENTS (KOHA) | |
| Koha item type | BOOK |
| 948 ## - LOCAL PROCESSING INFORMATION (OCLC); SERIES PART DESIGNATOR (RLIN) | |
| Series part designator, SPT (RLIN) | 07/14/2015 |
| z (OCLC) | Sirsi |
| 994 ## - | |
| -- | C0 |
| -- | WACOL |
| 996 ## - | |
| -- | 120704 |
| -- | 34301001433186 |
| -- | E |
| -- | bk |
| -- | wcl |
| -- | i |
| -- | 12 |
| -- | 17.99 |
| -- | statelibrary |
| -- | Fer |
| -- | 07/14/2015 |
| -- | 07/31/2019 |
| -- | 07/15/2019 |
| Withdrawn status | Lost status | Source of classification or shelving scheme | Damaged status | Not for loan | Collection code | Home library | Current library | Shelving location | Date acquired | Cost, normal purchase price | Total Checkouts | Total Renewals | Full call number | Barcode | Date last seen | Date checked out | Cost, replacement price | Price effective from | Koha item type |
|---|---|---|---|---|---|---|---|---|---|---|---|---|---|---|---|---|---|---|---|
| Dewey Decimal Classification | Children NonFiction | Wasatch County Library | Wasatch County Library | Main Floor Childrens Area | 07/14/2015 | 17.99 | 25 | 12 | E Biography Pre | 34301001433186 | 05/28/2025 | 05/05/2025 | 17.99 | 03/20/2020 | BOOK |
